El país del Yann

Uloženo v:
Podrobná bibliografie
Hlavní autor: Dunsany, Edward John (Autor)
Médium: Kniha
Jazyk:španělština
Vydáno: Madrid Siruela 1986
Edice:La biblioteca de Babel, 27
Témata:
Tagy: Přidat tag
Žádné tagy, Buďte první, kdo vytvoří štítek k tomuto záznamu!

MARC

LEADER 00000nam a2200000 a 4500
001 UCV8103
003 CL-VaPUC
008 900612e19860000SP |||||||||||||||||spa|d
082 0 4 |a 823  |b DUN  |2 21 
100 0 |a Dunsany, Edward John  |e author  |9 302177 
245 1 3 |a El país del Yann 
300 |a 126 p 
942 |c BK 
945 |d 19900612 00:00:00 
260 |a Madrid  |b Siruela  |c 1986 
650 7 |a CUENTOS IRLANDESES  |2 CL-VaPUC  |9 266048 
583 |a last modification  |c 19900612 00:00:00  |k Rodrigo Vera 
490 0 |a La biblioteca de Babel, 27 
999 |c 213674  |d 213672 
952 |0 0  |1 0  |4 0  |6 823_000000000000000_DUN_1986  |7 0  |8 P  |9 196290  |a BIBARQ  |b BIBARQ  |d 2019-11-14  |i 2641992  |o 823 DUN 1986  |p 2641992  |r 2025-01-20  |w 2019-11-14  |y BK  |k ARQ